000 00318nam a2200133 i 4500
001 bg
100 1 _aPAOLETTI, Michel
245 0 _aCivilisation francaise contemporaine /
_cMichel Paoletti.
260 _aParis,
_c1973.
040 _cBPK
041 _apol
942 _cKS
008 s pl f |000 0 pol
999 _c26460
_d26460
856 _uhttp://koha.tu.koszalin.pl/cgi-bin/koha/opac-detail.pl?biblionumber=26460
_yKatalog online BPK